00448nam a2200157 a 45000010005000000030009000050080041000140400028000550820016000831000028000992450062001272600041001893000014002304900016002446500030002601297CO-ViMGA141112s2004 ck r 000 u spa d aCO-ViMGAbspacCO-ViMGA04a927.5 C371b1 aBecks - Malorny, Ulrike10aPaul Cezanne 1839 - 1906 : bprecursores de la modernidad aColonia : bBenedick Taschen, c1995 a96 p : il aTaschen, 3814aCEZANNE, PAUL 1839 - 1906